000 00299nam a2200097Ia 4500
008 220204s9999 xx 000 0 und d
082 _a019.4(73)
_bAME
245 0 _aAmerican book publishing record cumulative 1950-77: An american national bibliography. 15 V
260 _aNew York
_bBowker
942 _cBK
999 _c38191
_d38191